Desarrollo y discontinuidad política en Argentina
Gespeichert in:
| 1. Verfasser: | |
|---|---|
| Format: | Buch |
| Sprache: | Spanisch |
| Veröffentlicht: |
Ciudad de México
Siglo Veintiuno
1968
|
| Schriftenreihe: | El mundo del hombre. Economía y Demografía
|
| Schlagworte: | |
| Tags: |
Tag hinzufügen
Keine Tags, Fügen Sie den ersten Tag hinzu!
|
MARC
| LEADER | 00000nam a2200000 a 4500 | ||
|---|---|---|---|
| 001 | UCX5508 | ||
| 003 | CL-VaPUC | ||
| 008 | 921120e19680000MX |||||||||||||||||spa|d | ||
| 082 | 0 | 4 | |a 982 |b RUB |2 21 |
| 100 | 0 | |a Rubinstein, Juan Carlos |e author |9 321785 | |
| 245 | 1 | 0 | |a Desarrollo y discontinuidad política en Argentina |
| 300 | |a 198 p | ||
| 942 | |c BK | ||
| 945 | |d 19921120 00:00:00 | ||
| 260 | |a Ciudad de México |b Siglo Veintiuno |c 1968 | ||
| 650 | 0 | |a Historia |9 255047 | |
| 651 | 0 | |a Argentina |9 254888 | |
| 583 | |a last modification |c 19921120 00:00:00 |k Rodrigo Vera | ||
| 490 | 0 | |a El mundo del hombre. Economía y Demografía | |
| 999 | |c 225734 |d 225732 | ||
| 952 | |0 0 |1 0 |4 0 |6 982_000000000000000_RUB_1968 |7 0 |8 A |9 223503 |a BIBHIS |b BIBHIS |d 2019-11-15 |i 2923351 |o 982 RUB 1968 |p 2923351 |r 2025-01-20 |w 2019-11-15 |y BK |k HIS | ||